000 00341nam a2200133Ia 4500
008 151001s9999||||xx |||||||||||||| ||und||
100 _aराकेश भारती
245 _aआयुवीज्ञान
250 _a1
260 _bपंकज बुक्स
260 _c2007
300 _a263
365 _b21
999 _c992275
_d992272